[Event "Who wants to live forever? (<2000)"]
[Site "SchemingMind.com"]
[Date "2009.06.07"]
[Round "-"]
[White "dadshane2000"]
[Black "aadaam"]
[Result "1-0"]
[WhiteCountry "USA"]
[BlackCountry "INT"]
[WhiteElo "1934"]
[WhiteRD "80"]
[BlackElo "1748"]
[BlackRD "47"]
[GameID "207509"]

1. e4 e6 2. d4 d5 3. Nc3 Bb4 4. e5 c5 5. a3 Bxc3+ 6. bxc3 Qc7 7. Qg4 f5 8. Qg3 cxd4 9. cxd4 Bd7 10. Bd2 Ba4
11. c3 Nc6 12. Nf3 h6 13. Qg6+ Qf7 14. Nh4 Nce7 15. Qxf7+ Kxf7 16. Be2 g5 17. Bh5+ Kg7 18. Nf3 Be8 19. Bxe8 Rxe8 20. Ke2 g4
21. Ne1 Nc6 22. Nd3 Nge7 23. Nc5 Ng6 24. Nxb7 f4 25. g3 f3+ 26. Kd3 Re7 27. Nc5 Rc8 28. Na6 h5 29. h3 Rb7 30. Nb4 Nce7
31. hxg4 hxg4 32. Bh6+ Kf7 33. Bg5 Rbc7 34. Bd2 Rh8 35. Rxh8 Nxh8 36. Rh1 Nhg6 37. Bg5 a5 38. Nc2 Rc4 39. Ne3 Ra4 40. Rh7+ Ke8
41. Bxe7 Nxe7 42. Nc2
1-0

[Event "Who wants to live forever? (<2000)"]
[Site "SchemingMind.com"]
[Date "2009.06.06"]
[Round "-"]
[White "dadshane2000"]
[Black "andu"]
[Result "1/2-1/2"]
[WhiteCountry "USA"]
[BlackCountry "AUT"]
[WhiteElo "1934"]
[WhiteRD "80"]
[BlackElo "1835"]
[BlackRD "49"]
[GameID "207510"]

1. e4 c5 2. Nf3 d6 3. d4 cxd4 4. Nxd4 Nc6 5. Nc3 g6 6. Be2 Nf6 7. Be3 Bg7 8. f3 O-O 9. O-O Nxd4 10. Bxd4 e5
11. Be3 Be6 12. Qd2 d5 13. exd5 Nxd5 14. Nxd5 Qxd5 15. Qb4 Rfc8 16. c4 Qc6 17. Rac1 a5 18. Qc3 Qa4 19. a3 Bxc4 20. Bxc4 b5
21. Bxb5 Rxc3 22. Bxa4 Rxe3 23. Rc2 Rd8 24. Rfc1 Red3 25. Rc8 e4 26. Rxd8+ Rxd8 27. Rc2 exf3 28. gxf3 Rb8 29. b3 Bf8 30. Ra2=
1/2-1/2

[Event "Who wants to live forever? (<2000)"]
[Site "SchemingMind.com"]
[Date "2009.06.08"]
[Round "-"]
[White "lea_dc"]
[Black "dadshane2000"]
[Result "0-1"]
[WhiteCountry "ARG"]
[BlackCountry "USA"]
[WhiteElo "1659"]
[WhiteRD "89"]
[BlackElo "1954"]
[BlackRD "81"]
[GameID "207511"]

1. e4 c5 2. Nf3 d6 3. d4 cxd4 4. Nxd4 Nf6 5. Nc3 Bd7 6. Bc4 e6 7. O-O Nc6 8. Bg5 a6 9. f4 b5 10. Bb3 Be7
11. Kh1 b4 12. Bxf6 Bxf6 13. Nce2 Nxd4 14. Nxd4 Qb6 15. Nf3 Bxb2 16. Rb1 Bc3 17. Qe2 Bb5 18. Bc4 O-O 19. Bxb5 axb5 20. e5 d5
21. Ng5 h6 22. Nf3 Rxa2 23. Qd3 Rfa8 24. g4 R8a3 25. Qd1 Qe3 26. f5 Qe4 27. fxe6 fxe6 28. g5 Qxc2 29. Qxc2 Rxc2 30. gxh6 gxh6
0-1

[Event "Who wants to live forever? (<2000)"]
[Site "SchemingMind.com"]
[Date "2009.06.06"]
[Round "-"]
[White "myghtyhill"]
[Black "dadshane2000"]
[Result "0-1"]
[WhiteCountry "CHN"]
[BlackCountry "USA"]
[WhiteElo "1591"]
[WhiteRD "75"]
[BlackElo "1954"]
[BlackRD "81"]
[GameID "207512"]

1. d4 Nf6 2. c4 g6 3. Nc3 d5 4. e3 Bg7 5. Nf3 O-O 6. Be2 c5 7. O-O cxd4 8. Nxd4 Nc6 9. cxd5 Nxd5 10. Nxd5 Qxd5
11. Bf3 Qc5 12. a3 Nxd4 13. exd4 Qxd4 14. Qxd4 Bxd4 15. Rd1 Bg7 16. Ra2 Rb8 17. b4 b6 18. Bf4 e5
0-1

[Event "Who wants to live forever? (<2000)"]
[Site "SchemingMind.com"]
[Date "2009.06.06"]
[Round "-"]
[White "PStuart"]
[Black "dadshane2000"]
[Result "1/2-1/2"]
[WhiteCountry "USA"]
[BlackCountry "USA"]
[WhiteElo "1812"]
[WhiteRD "95"]
[BlackElo "1954"]
[BlackRD "81"]
[GameID "207513"]

1. d4 Nf6 2. Nf3 c5 3. e3 d5 4. c3 e6 5. Bd3 Bd6 6. O-O Nc6 7. Nbd2 O-O 8. Qc2 e5 9. dxc5 Bxc5 10. e4 Re8
11. Re1 a6 12. Nb3 Ba7 13. Bg5 Be6 14. Qe2 dxe4 15. Bxe4 Bxb3 16. axb3 Qd6 17. Rad1 Qe6 18. Bc2 h6 19. Bxf6 Qxf6 20. Qe4 g6
21. Rd2 Re7 22. Red1 Rae8 23. Rd6 Re6 24. Rd7 R8e7 25. R7d2 Qg7 26. Rd7 f5 27. Rxe7 Qxe7 28. Qd5 Kg7 29. Qd7 e4 30. Qxe7+ Rxe7
31. Ne1 e3 32. fxe3 Rxe3 33. Kf1 Re7 34. Nf3 Kf6 35. Rd6+ Re6 36. Rxe6+= Kxe6 37. Ke2 g5 38. Bd3 f4 39. h3 Be3 40. Nd2 Ne5
41. Bc2 h5 42. Be4 b6 43. Nc4 Nxc4 44. bxc4 Bc1 45. b3 Bb2 46. Kd3 Ke5 47. Bf3 h4 48. Kc2=
1/2-1/2

[Event "Who wants to live forever? (<2000)"]
[Site "SchemingMind.com"]
[Date "2009.06.06"]
[Round "-"]
[White "staunton64"]
[Black "dadshane2000"]
[Result "0-1"]
[WhiteCountry "FRA"]
[BlackCountry "USA"]
[WhiteElo "1655"]
[WhiteRD "68"]
[BlackElo "1965"]
[BlackRD "79"]
[GameID "207514"]

1. c4 Nf6 2. g3 c5 3. Bg2 d5 4. cxd5 Nxd5 5. Nc3 Nc7 6. Nf3 Nc6 7. O-O e5 8. e4 Be7 9. b3 O-O 10. Bb2 Bg4
11. h3 Bh5 12. Qc2 Bxf3 13. Bxf3 Nd4 14. Qd1 Nxf3+ 15. Qxf3 Qxd2 16. Na4 Qd6 17. Rad1 Qe6 18. g4 b6 19. Nc3 Rad8 20. Rxd8 Rxd8
21. Rd1 Rxd1+ 22. Qxd1 Qd6 23. Qxd6 Bxd6 24. f3 b5 25. Kf2 c4 26. bxc4 bxc4 27. a4 Bc5+ 28. Ke2 Bd4 29. Kd2 Ne6 30. a5 Ng5
31. Kc2 Nxf3 32. Nb5 a6 33. Nc7 Ne1+ 34. Kb1 c3 35. Nxa6 cxb2 36. Nc7 Nf3 37. Kc2 Nd2
0-1

[Event "Who wants to live forever? (<2000)"]
[Site "SchemingMind.com"]
[Date "2009.06.07"]
[Round "-"]
[White "aadaam"]
[Black "dadshane2000"]
[Result "1/2-1/2"]
[WhiteCountry "INT"]
[BlackCountry "USA"]
[WhiteElo "1748"]
[WhiteRD "47"]
[BlackElo "1934"]
[BlackRD "80"]
[GameID "207515"]

1. d4 Nf6 2. c4 g6 3. Nc3 d5 4. cxd5 Nxd5 5. e4 Nxc3 6. bxc3 Bg7 7. Bc4 c5 8. Be3 O-O 9. Ne2 Nc6 10. O-O Na5
11. Bd3 b6 12. dxc5 bxc5 13. Bxc5 Qc7 14. Bd4 e5 15. Be3 Nc4 16. Bd2 Rd8 17. Bxc4 Qxc4 18. Re1 Bg4 19. f3 Be6 20. Qc2 Qc5+
21. Kh1 Bc4 22. Ng3 Rd3=
1/2-1/2

[Event "Who wants to live forever? (<2000)"]
[Site "SchemingMind.com"]
[Date "2009.06.06"]
[Round "-"]
[White "andu"]
[Black "dadshane2000"]
[Result "1-0"]
[WhiteCountry "AUT"]
[BlackCountry "USA"]
[WhiteElo "1835"]
[WhiteRD "49"]
[BlackElo "1934"]
[BlackRD "80"]
[GameID "207516"]

1. e4 c5 2. Nf3 e6 3. d4 cxd4 4. Nxd4 Nf6 5. Nc3 a6 6. Be2 d6 7. O-O Qc7 8. Bd3 Nbd7 9. f4 Be7 10. f5 Nc5
11. fxe6 Nxe6 12. Nf5 Bf8 13. Nd5 Nxd5 14. exd5 Qc5+ 15. Ne3 Nc7 16. Qf3 f6 17. Bd2 Be7 18. Kh1 Bd7 19. Rae1 O-O 20. Qh5 f5
21. Nxf5 Bxf5 22. Rxe7 Bxd3 23. Rff7 Qxc2 24. Rxg7+ Kh8 25. Rxh7+ Bxh7 26. Bc3+
1-0